[Event "AUT-chT2W 1920"]
[Site "Austria"]
[Date "2019.11.24"]
[Round "5.6"]
[White "Nussbaumer, Leon"]
[Black "Maltsev, Oleg"]
[Result "0-1"]
[WhiteElo "1975"]
[BlackElo "1992"]
[PlyCount "68"]
[EventDate "2019.10.04"]
[EventType "team-tourn"]
[EventRounds "11"]
[EventCountry "AUT"]
[SourceTitle "CBM 193 Extra"]
[Source "ChessBase"]
[SourceDate "2020.01.31"]
[SourceVersion "1"]
[SourceVersionDate "2020.01.31"]
[SourceQuality "1"]
[WhiteTeam "Pradl"]
[BlackTeam "Kufstein/Woergl"]
[WhiteTeamCountry "AUT"]
[BlackTeamCountry "AUT"]

1. e4 c5 2. Nf3 d6 3. d4 cxd4 4. Nxd4 Nf6 5. Nc3 e6 6. Bg5 Be7 7. f4 a6 8. Qf3 h6 9. Bxf6 Bxf6 10. 0-0-0 Qb6 11. Nb3 Qc7 12. Rd3 Bd7 13. g4 Nc6 14. a3 b5 15. Bg2 Rc8 16. Rhd1 Be7 17. Kb1 b4 18. axb4 Nxb4 19. Rd4 Qb6 20. e5 d5 21. f5 Rb8 22. fxe6 fxe6 23. Rxb4 Bxb4 24. Nxd5 exd5 25. Qxd5 Be6 26. Qd3 0-0 27. Bd5 Bxd5 28. Qxd5+ Kh8 29. Qe4 Rbd8 30. Rxd8 Rxd8 31. e6 Be7 32. g5 Qg1+ 33. Ka2 Qxg5 34. h4 Qxh4 0-1